Mass Spectrometry: a textbook
Guardat en:
| Autor principal: | |
|---|---|
| Format: | Llibre |
| Idioma: | anglès |
| Publicat: |
Cham, Switzerland.
Springer,
2017
|
| Edició: | 3a. ed |
| Matèries: | |
| Etiquetes: |
Afegir etiqueta
Sense etiquetes, Sigues el primer a etiquetar aquest registre!
|
MARC
| LEADER | 00000cam a2200000 a 4500 | ||
|---|---|---|---|
| 001 | UCC7374 | ||
| 003 | CL-VaPUC | ||
| 005 | 20211203132536.0 | ||
| 008 | 190322e20170000sz |||||||||||||||||eng|d | ||
| 999 | |c 374038 |d 374036 | ||
| 020 | |a 9783319543970 | ||
| 040 | |c Pontificia Universidad Católica de Valparaíso | ||
| 082 | 0 | 4 | |a 543.62 GRO 2017 |2 21 |
| 100 | 0 | |a Gross, Jurgen H |e author |9 601974 | |
| 245 | 1 | 0 | |a Mass Spectrometry: a textbook |
| 250 | |a 3a. ed | ||
| 260 | |a Cham, Switzerland. |b Springer, |c 2017 | ||
| 300 | |a 968 páginas | ||
| 583 | |a last modification |c 20190322 14:57:00 |k Rodrigo Vera | ||
| 650 | 0 | |a Espectrometría de masas |2 CL-VaPUC |9 260151 | |
| 942 | |c BK |2 ddc | ||
| 945 | |d 20190322 14:57:00 |a dcastane | ||
| 952 | |0 0 |1 0 |2 ddc |3 erd |4 0 |6 543_620000000000000_GRO_2017 |7 0 |8 A |9 492395 |a BIBAGR |b BIBAGR |i 5539315 |o 543.62 GRO 2017 |p 5539315 |r 2025-01-20 |w 2019-11-24 |y BK |z Catalogado en:20190322 |k DCA | ||